Тиоцианатохроматы некоторых тяжелых металлов; Химия и химическая технология в XXI веке; Т. 1

Λεπτομέρειες βιβλιογραφικής εγγραφής
Parent link:Химия и химическая технология в XXI веке: материалы XII Всероссийской научно-практической конференции студентов и молодых ученых с международным участием, Томск, 11-13 мая 2011 г./ Национальный исследовательский Томский политехнический университет (ТПУ), Институт природных ресурсов (ИПР).— , 2011
Т. 1.— 2011.— [С. 88-90]
Κύριος συγγραφέας: Продан Д. Н.
Άλλοι συγγραφείς: Черкасова Е. В. (научный руководитель)
Περίληψη:Заглавие с титульного листа
Электронная версия печатной публикации
Γλώσσα:Ρωσικά
Έκδοση: 2011
Σειρά:Секция 1. Химия и химическая технология неорганических веществ и материалов
Θέματα:
Διαθέσιμο Online:http://www.lib.tpu.ru/fulltext/v/Conferences/2011/C5/C5a46.pdf
Μορφή: Ηλεκτρονική πηγή Κεφάλαιο βιβλίου
KOHA link:https://koha.lib.tpu.ru/cgi-bin/koha/opac-detail.pl?biblionumber=208433

MARC

LEADER 00000naa2a2200000 4500
001 208433
005 20260218162632.0
035 |a (RuTPU)RU\TPU\book\227577 
035 |a RU\TPU\book\227574 
090 |a 208433 
100 |a 20120203d2011 k y0rusy50 ca 
101 0 |a rus 
102 |a RU 
135 |a drnn ---uucaa 
181 0 |a i  
182 0 |a b 
200 1 |a Тиоцианатохроматы некоторых тяжелых металлов  |f Д. Н. Продан  |g науч. рук. Е. В. Черкасова 
203 |a Текст  |c электронный 
215 |a 1 файл (415 Кб) 
225 1 |a Секция 1. Химия и химическая технология неорганических веществ и материалов 
300 |a Заглавие с титульного листа 
300 |a Электронная версия печатной публикации 
320 |a [Библиогр.: с. 90 (3 назв.)] 
337 |a Adobe Reader 
461 1 |0 (RuTPU)RU\TPU\book\218704  |t Химия и химическая технология в XXI веке  |o материалы XII Всероссийской научно-практической конференции студентов и молодых ученых с международным участием, Томск, 11-13 мая 2011 г.  |o в 2 т.  |f Национальный исследовательский Томский политехнический университет (ТПУ), Институт природных ресурсов (ИПР)  |d 2011 
463 1 |0 (RuTPU)RU\TPU\book\218882  |t Т. 1  |v [С. 88-90]  |d 2011 
610 1 |a тяжелые металлы 
610 1 |a тиоцианатохроматы 
610 1 |a получение 
610 1 |a исследование 
610 1 |a электронный ресурс 
700 1 |a Продан  |b Д. Н. 
702 1 |a Черкасова  |b Е. В.  |4 727 
801 1 |a RU  |b 63413507  |c 20120118 
801 2 |a RU  |b 63413507  |c 20130218  |g RCR 
856 4 |u http://www.lib.tpu.ru/fulltext/v/Conferences/2011/C5/C5a46.pdf 
942 |c CF